| 000 | 00440nam a2200193Ia 4500 | ||
|---|---|---|---|
| 005 | 20240823015618.0 | ||
| 008 | 240823s9999||||xx |||||||||||||| ||und|| | ||
| 020 | _a92-801-4183-X | ||
| 041 | _aENGLISH | ||
| 082 | _A623.865 P4 | ||
| 100 | _aInternational Martime Organization | ||
| 245 | 0 | _aSOLAS | |
| 250 | _a4th | ||
| 260 |
_c2004 _b"Sterling,M" |
||
| 500 | _aYES | ||
| 650 |
_aShipping _bMarine |
||
| 942 | _cBK | ||
| 999 |
_c172828 _d172828 |
||